Využitie audítorských metód v oblasti zásob
Metódy audítorstva: metóda porovnávania, metóda vyčerpávajúceho a výberového overovania, metóda priameho a nepriameho auditu. Audítorské štandardy. Postup overovania audítora pri každej položke súvahy: posúdenie rizika, testy vecnej správnosti, existencia a vlastníctvo, správnosť zaúčtovania z vecné...
Gespeichert in:
| 1. Verfasser: | |
|---|---|
| Weitere Verfasser: | |
| Format: | Buchkapitel |
| Sprache: | Slowakisch |
| Schlagworte: | |
| Tags: |
Keine Tags, Fügen Sie das erste Tag hinzu!
|
MARC
| LEADER | 00000naa$a2200000$$$4500 | ||
|---|---|---|---|
| 001 | 0019104 | ||
| 005 | 20220606120137.4 | ||
| 041 | 0 | |a slo | |
| 044 | |a SK | ||
| 245 | 1 | 0 | |a Využitie audítorských metód v oblasti zásob |c Ladislav Kareš, Mária Vépyová |
| 520 | |a Metódy audítorstva: metóda porovnávania, metóda vyčerpávajúceho a výberového overovania, metóda priameho a nepriameho auditu. Audítorské štandardy. Postup overovania audítora pri každej položke súvahy: posúdenie rizika, testy vecnej správnosti, existencia a vlastníctvo, správnosť zaúčtovania z vecného a časového hľadiska, správnosť ocenenia, správnosť vykázania v čase. | ||
| 610 | 2 | 0 | |a audítorstvo |
| 610 | 2 | 0 | |a metódy |
| 610 | 2 | 0 | |a zásoby |
| 610 | 2 | 0 | |a evidencia skladová |
| 610 | 2 | 0 | |a inventúra |
| 100 | 1 | |a Kareš, Ladislav | |
| 700 | 1 | |a Vépyová, Mária | |